[Event "World Championship 2006 playoff"]
[Site "Elista"]
[Date "2006.10.13"]
[Round "3"]
[White "Topalov, Veselin"]
[Black "Kramnik, Vladimir"]
[Result "1-0"]
[WhiteElo "2813"]
[BlackElo "2743"]
[PlyCount "101"]
[EventDate "2006.10.13"]
[EventType "match (rapid)"]
[EventRounds "4"]
[EventCountry "RUS"]

1. d4 d5 2. c4 c6 3. Nf3 Nf6 4. e3 Bf5 5. Nc3 e6 6. Nh4 Bg6 7. Be2 Nbd7 8. O-O
Bd6 9. g3 dxc4 10. Bxc4 Nb6 11. Be2 O-O 12. Nxg6 hxg6 13. e4 e5 14. f4 exd4 15.
Qxd4 Qe7 16. Kg2 Bc5 17. Qd3 Rad8 18. Qc2 Bd4 19. e5 Nfd5 20. Rf3 Nxc3 21. bxc3
Bc5 22. Bd2 Rd7 23. Re1 Rfd8 24. Bd3 Qe6 25. Bc1 f5 26. Qe2 Kf8 27. Rd1 Qe7 28.
h4 Rd5 29. Qc2 Nc4 30. Rh1 Na3 31. Qe2 Qd7 32. Rd1 b5 33. g4 fxg4 34. Rg3 Ke7
35. f5 gxf5 36. Bg5+ Ke8 37. e6 Qd6 38. Bxf5 Rxd1 39. Bg6+ Kf8 40. e7+ Qxe7 41.
Bxe7+ Bxe7 42. Bd3 Ra1 43. Qb2 Rd1 44. Qe2 Ra1 45. Qxg4 Rxa2+ 46. Kh3 Bf6 47.
Qe6 Rd2 48. Bg6 R2d7 49. Rf3 b4 50. h5 Re7 51. Rxf6+ 1-0